书目信息 |
| 题名: |
我爱问连岳
|
|
| 作者: | 连岳 著 | |
| 分册: | Ⅳ | |
| 出版信息: | 北京 作家出版社 2014.8 |
|
| 页数: | 398页 | |
| 开本: | 21cm | |
| 丛书名: | ||
| 单 册: | ||
| 中图分类: | I267.5 | |
| 科图分类: | ||
| 主题词: | 随笔--sui bi--中国--当代--作品集 | |
| 电子资源: | ||
| ISBN: | 978-7-5063-7420-0 | |
| 000 | 01139nam0 2200241 450 | |
| 001 | 0100004300 | |
| 005 | 20160304133841.4 | |
| 010 | @a978-7-5063-7420-0@dCNY36.00 | |
| 100 | @a20141126d2014 em y0chiy0121 ea | |
| 101 | 0 | @achi |
| 102 | @aCN@b110000 | |
| 105 | @ay z 000cy | |
| 106 | @ar | |
| 200 | 1 | @a我爱问连岳@Awo ai wen lian yue@d= I ask Lian Yeah!@hⅣ@f连岳著@zeng |
| 210 | @a北京@c作家出版社@d2014.8 | |
| 215 | @a398页@d21cm | |
| 330 | @a“我爱问连岳”是连岳的一个情感专栏, 从最初的《上海壹周》到Timeout再到网络, 这个专栏已持续十余年。读者来信, 连岳回信, 这十余年间的往来, 见证到我们对感情的要求越来越细腻, 对爱的理解越来越深入。这十余年的文字, 更是证明了一种信心的持续生长, 我们相信爱的力量, 相信通过沟通、通过对爱情规则的确定与遵循可以爱得更好, 更逐渐意识到, 自由是一切爱的前提, 而我们想要获得有尊严的爱, 也必须去建立有尊严的社会。《我爱问连岳》系列图书是这些专栏文字的集结, 此次新版上市, 方便读者存留阅读。 | |
| 510 | 1 | @aI ask Lian Yeah!@zeng |
| 606 | 0 | @a随笔@Asui bi@y中国@z当代@j作品集 |
| 690 | @aI267.5@v5 | |
| 701 | 0 | @a连岳@Alian yue@4著 |
| 801 | 0 | @aCN@c20160515 |
| 905 | @a河南城建学院图书馆@dI267.5@eL383:4 | |
| 我爱问连岳= I ask Lian Yeah!.Ⅳ/连岳著.-北京:作家出版社,2014.8 |
| 398页;21cm |
| ISBN 978-7-5063-7420-0:CNY36.00 |
| “我爱问连岳”是连岳的一个情感专栏, 从最初的《上海壹周》到Timeout再到网络, 这个专栏已持续十余年。读者来信, 连岳回信, 这十余年间的往来, 见证到我们对感情的要求越来越细腻, 对爱的理解越来越深入。这十余年的文字, 更是证明了一种信心的持续生长, 我们相信爱的力量, 相信通过沟通、通过对爱情规则的确定与遵循可以爱得更好, 更逐渐意识到, 自由是一切爱的前提, 而我们想要获得有尊严的爱, 也必须去建立有尊严的社会。《我爱问连岳》系列图书是这些专栏文字的集结, 此次新版上市, 方便读者存留阅读。 |
| ● |
| 相关链接 |
|
|
|
正题名:我爱问连岳
索取号:I267.5/L383:4
 
预约/预借
| 序号 | 登录号 | 条形码 | 馆藏地/架位号 | 状态 | 备注 |
| 1 | 1252328 | 212523287 | 文学库116/116文学库 12排2列6层/ [索取号:I267.5/L383:4] | 在馆 | |
| 2 | 1252329 | 212523296 | 社科二线422/422社科库 50排5列5层/ [索取号:I267.5/L383:4] | 在馆 | |
| 3 | 1252330 | 212523303 | 社科二线400B/116文学库 12排2列6层/ [索取号:I267.5/L383:4] | 在馆 |